000 00531nam a2200181Ia 4500
005 20250326125159.0
008 250326s9999 xx 000 0 und d
037 _aTextbook
040 _aFMSL
_beng
_cFMSL
041 _aeng
_2eng
084 _aX(M98) K7
_qFMSL
100 _aAma Management Bulletin
_9738599
245 0 _aConsumer-oriemted packaging
_cAma Management Bulletin
260 _aUSA
_bUSA, American Management Association
_c1967
300 _a23p
942 _cTB
_hX(M98) K7
999 _c1276890
_d1276890